000 004930000a22001930004500
001 002127
003 MACL
005 20150813155227.0
008 150813b xxu||||| |||| 00| 0 eng d
040 _aMACL
_cMACL
041 _aEnglish
082 _a398.2/KHI
100 _aKhiangte, Laltuangliana
_95371
245 _aMizo Songs And Folk Tales
_cLaltuangliana Khiangte
260 _aNew Delhi
_c2002
_bSahtitya Akademi,
350 _a100
650 _aFolklore
_95372
942 _k398
_cBK
_2ddc
999 _c14043
_d14043